Mudratatta aru bitta bazar (Record no. 6229)
[ view plain ]
| 000 -LEADER | |
|---|---|
| fixed length control field | 00548cam a2200229ua 4500 |
| 001 - CONTROL NUMBER | |
| control field | 7107 |
| 005 - DATE AND TIME OF LATEST TRANSACTION | |
| control field | 20260515114144.0 |
| 008 - FIXED-LENGTH DATA ELEMENTS--GENERAL INFORMATION | |
| fixed length control field | 150623n ii |||gr||||Z||||||eng |
| 020 ## - INTERNATIONAL STANDARD BOOK NUMBER | |
| International Standard Book Number | 9789382030409 |
| 040 ## - CATALOGING SOURCE | |
| Transcribing agency | MAIN |
| 041 ## - LANGUAGE CODE | |
| Language code of text/sound track or separate title | eng |
| 082 ## - DEWEY DECIMAL CLASSIFICATION NUMBER | |
| Classification number | 332.46 |
| 100 ## - MAIN ENTRY--PERSONAL NAME | |
| Personal name | Ahmed, Rofique, |
| Relator term | Author. |
| 245 ## - TITLE STATEMENT | |
| Title | Mudratatta aru bitta bazar |
| Statement of responsibility, etc. | By Rofique Ahmed |
| 250 ## - EDITION STATEMENT | |
| Edition statement | 1st. |
| 260 ## - PUBLICATION, DISTRIBUTION, ETC. | |
| Place of publication, distribution, etc. | Jorhat: |
| Name of publisher, distributor, etc. | Unika, |
| Date of publication, distribution, etc. | 2013. |
| 300 ## - PHYSICAL DESCRIPTION | |
| Extent | 456p. |
| 653 ## - INDEX TERM--UNCONTROLLED | |
| Uncontrolled term | Financial economics |
| 653 ## - INDEX TERM--UNCONTROLLED | |
| Uncontrolled term | Monetary theory |
| 653 ## - INDEX TERM--UNCONTROLLED | |
| Uncontrolled term | Financial market |
| 942 ## - ADDED ENTRY ELEMENTS (KOHA) | |
| Koha item type | Books |
| Withdrawn status | Lost status | Damaged status | Not for loan | Home library | Current library | Shelving location | Date acquired | Total checkouts | Full call number | Barcode | Date last seen | Date last checked out | Copy number | Price effective from | Koha item type |
|---|---|---|---|---|---|---|---|---|---|---|---|---|---|---|---|
| Naharkatiya College Library | Naharkatiya College Library | General stacks | 09/19/2020 | 10 | 332.46 | AHM | 22182 | 10/12/2023 | 10/03/2023 | 2 | 09/19/2020 | Books | ||||
| Naharkatiya College Library | Naharkatiya College Library | General stacks | 09/19/2020 | 17 | 332.46 | AHM | 22183 | 10/26/2024 | 09/18/2024 | 1 | 09/19/2020 | Books | ||||
| Naharkatiya College Library | Naharkatiya College Library | General stacks | 09/19/2020 | 11 | 332.46 | AHM | 22184 | 11/27/2024 | 10/22/2024 | 4 | 09/19/2020 | Books | ||||
| Naharkatiya College Library | Naharkatiya College Library | General stacks | 09/19/2020 | 15 | 332.46 | AHM | 22185 | 10/20/2022 | 10/01/2022 | 3 | 09/19/2020 | Books |